| 000 | 00481nam a2200181Ia 4500 | ||
|---|---|---|---|
| 003 | OSt | ||
| 005 | 20251103110914.0 | ||
| 008 | 250729s2007 xx 000 0 und d | ||
| 040 | _cAL | ||
| 041 | _akan | ||
| 082 | _a370 RUDU | ||
| 100 |
_aರುದ್ರೇಶ ಬಿ ಎಸ್ _9223718 |
||
| 245 | _aಉದಯೋನ್ಮುಖ ಭಾರತದಲ್ಲಿ ಶಿಕ್ಶಣ | ||
| 260 |
_aGadag _c2007 |
||
| 300 | _a208p | ||
| 650 |
_aEducation _9223719 |
||
| 942 |
_2ddc _cBED |
||
| 999 |
_c236048 _d236048 |
||